Catecismo mexicano, que contiene toda la doctrina christiana con todas sus declaraciones ... / (Record no. 158975)

MARC details
000 -LEADER
campo de control de longitud fija 02205nam a2200361 i 4500
001 - NÚMERO DE CONTROL
campo de control 158975
003 - IDENTIFICADOR DE NÚMERO DE CONTROL
campo de control ES-MaACL
005 - FECHA Y HORA DE LA ÚLTIMA TRANSACCIÓN
campo de control 20250831062448.0
008 - DATOS DE LONGITUD FIJA--INFORMACIÓN GENERAL
campo de control de longitud fija 010904s1758 mx a |||| | spa d
040 ## - FUENTE DE CATALOGACIÓN
Centro/agencia transcriptor ES-MaACL
100 1# - ENTRADA PRINCIPAL--NOMBRE DE PERSONA
Nombre de persona Ripalda, Jerónimo de,
Fechas asociadas al nombre 1536-1618
9 (RLIN) 223864
Término indicativo de función/relación Autor
245 10 - MENCIÓN DEL TÍTULO
Título Catecismo mexicano, que contiene toda la doctrina christiana con todas sus declaraciones ... /
Mención de responsabilidad, etc. dispusolo primeramente en castellano el padre Geronymo de Ripalda de la Compañia de Jesus ; y despues para la comun utilidad de los indios ... lo traduxo del castellano en el puro y proprio idioma mexicano el padre Ignacio de Paredes de la misma Compañia de Jesus y le añadiò la doctrina pequeña con otras cosas ... para la vida del christiano.
260 ## - PUBLICACIÓN, DISTRIBUCIÓN, ETC.
Lugar de publicación, distribución, etc. En Mexico :
Nombre del editor, distribuidor, etc. en la imprenta de la Bibliotheca Mexicana,
Fecha de publicación, distribución, etc. 1758.
300 ## - DESCRIPCIÓN FÍSICA
Extensión [32], 170, [2] páginas, [1] hoja de lámina :
Otras características físicas ilustraciones ;
Dimensiones 8º.
530 ## - NOTA DISPONIBLE DE FORMULARIO FÍSICO ADICIONAL
Nota de formato físico adicional disponible Disponible en formato digital
546 ## - NOTA DE IDIOMA
Nota de lengua/lenguaje Texto en español y lengua indígena mexicana
594 ## - NOTA AL TITULO Y MENCION DE RESPONSABILIDAD
Nota Según el Dicc. histórico de la Compañía de Jesús biográfico-temático, 2001, v. IV, p. 3365, el verdadero autor es G. Astete
597 ## - NOTA A LA DESCRIPCION FISICA
Nota Sign.: A-I4, L-Z4, 2A-2C4, 2D²
597 ## - NOTA A LA DESCRIPCION FISICA
Nota Port. con orla tipográfica
597 ## - NOTA A LA DESCRIPCION FISICA
Nota Precede a la portada en náhuatl otra en español
599 ## - NOTA A LAS ILUSTRACIONES
Nota La lámina es un grabado calcográfico con leyenda: "S. Francisco Xavier Apóstol de la Yndias", firmado por: "Ortuño fc. mexo 1768"
599 ## - NOTA A LAS ILUSTRACIONES
Nota Ilustración xil., esc. arzobispal en verso de port. mexicana
610 27 - PUNTO DE ACCESO ADICIONAL DE MATERIA--NOMBRE DE ENTIDAD CORPORATIVA
Nombre de entidad corporativa o nombre de jurisdicción como elemento de entrada Iglesia Católica-
Subdivisión general Doctrinas
Fuente del encabezamiento o término
9 (RLIN) 151420
655 #7 - TERMINO DE INDIZACIÓN--GENERO/FORMA
9 (RLIN) 234608
Datos o término principal de género/forma Catecismos
700 1# - ENTRADA AGREGADA--NOMBRE PERSONAL
Nombre de persona Paredes, Ignacio de
Títulos y otros términos asociados al nombre (S.I.)
9 (RLIN) 130846
Término indicativo de función/relación Traductor
700 1# - ENTRADA AGREGADA--NOMBRE PERSONAL
Nombre de persona Astete, Gaspar,
9 (RLIN) 140628
Término indicativo de función/relación Autor
Fechas asociadas al nombre 1537-1601
852 ## - LOCALIZACIÓN
Ubicación ES-MaACL
Ubicación en estantería Depósito
Signatura antigua Olim: G-519
Número de control de estantería R-574
Encuadernación Holandesa deteriorada
856 4# - LOCALIZACIÓN Y ACCESO ELECTRÓNICOS
Identificador Uniforme de Recursos <a href="https://bibliotecadigital.aecid.es/bibliodig/es/consulta/registro.do?id=1046">https://bibliotecadigital.aecid.es/bibliodig/es/consulta/registro.do?id=1046</a>
Texto de enlace Versión en línea
Nota pública (Biblioteca Digital AECID)
856 4# - LOCALIZACIÓN Y ACCESO ELECTRÓNICOS
Identificador Uniforme de Recursos <a href="https://patrimoniodigital.ucm.es/s/patrimonio/item/677158">https://patrimoniodigital.ucm.es/s/patrimonio/item/677158</a>
Texto de enlace Versión en línea
Nota pública (Patrimonio Digital Complutense)
942 ## - ELEMENTOS DE ENTRADA SECUNDARIOS (KOHA)
Tipo de ítem Koha Libro impreso antiguo
Suprimir en OPAC No
Holdings
Estatus retirado Estado de pérdida Fuente del sistema de clasificación o colocación Estado de daño No para préstamo Colección Biblioteca de origen Biblioteca actual Ubicación en estantería Fecha de adquisición Total de préstamos Signatura topográfica completa Código de barras Visto por última vez Tipo de ítem Koha
    Clasificación decimal universal     Libros del s. XVIII Biblioteca del Ateneo de Madrid Biblioteca del Ateneo de Madrid Depósito 17/01/2008   R-574 1166413 23/02/2023 Libro impreso antiguo